| 000 | 00898nam a2200253Ia 4500 | ||
|---|---|---|---|
| 003 | OSt | ||
| 005 | 20220930070431.0 | ||
| 006 | a|||||r|||| 00| 0 | ||
| 007 | ta | ||
| 008 | 220926b |||||||| |||| 00| 0 eng d | ||
| 024 | _a6999 | ||
| 037 | _cTheses | ||
| 040 |
_aCRL _cCRL _beng |
||
| 041 |
_2eng _aeng |
||
| 100 |
_aRamasami Ponnadurai _9527136 |
||
| 110 |
_aUniversity of Delhi. Faculty of Science. Department of Chemistry _9519399 |
||
| 245 | 0 | _aVolume and compressibility studies of some amino carboxylic acids and a peptide in water and aqueous solutions of sodium sulphate at 288.15,298.15 and 308.15K | |
| 260 | _c1996 | ||
| 650 | _aCHEMISTRY | ||
| 700 |
_a Prof R Kakkar Supervisor _9527137 |
||
| 700 |
_aUniversity of Delhi. Faculty of Science. Department of Chemistry _9519402 |
||
| 942 |
_cDIS _2CC |
||
| 999 |
_c860913 _d860913 |
||